Functional operators

Guardat en:
Dades bibliogràfiques
Autor principal: Von Neumann, John (Autor)
Format: Llibre
Idioma:anglès
Publicat: Princeton Princeton University Press 1950
Col·lecció:Annals of mathemtics studies, 21-22
Matèries:
Etiquetes: Afegir etiqueta
Sense etiquetes, Sigues el primer a etiquetar aquest registre!

MARC

LEADER 00000nam a2200000 a 4500
001 UCW1289
003 CL-VaPUC
008 920103e19500000US |||||||||||||||||eng|d
082 0 4 |a 515.72  |b NEU  |2 21 
100 |a Von Neumann, John  |e author  |9 305212 
245 1 0 |a Functional operators 
300 |a 2 v 
942 |c BK 
945 |d 19920103 00:00:00  |a mfernand 
260 |a Princeton  |b Princeton University Press  |c 1950 
500 |a v.1: Measures and integrals 
500 |a v.2: The geometry of orthogonal spaces 
650 0 |a Teoría de los operadores  |9 270723 
583 |a last modification  |c 20120529 12:42:50  |k Rodrigo Vera 
490 0 |a Annals of mathemtics studies, 21-22 
999 |c 216204  |d 216202 
952 |0 0  |1 0  |4 0  |6 515_720000000000000_NEU_1950  |7 0  |8 A  |9 201709  |a BIBMAT  |b BIBMAT  |d 2019-11-14  |h v.2  |i 2689561  |o 515.72 NEU 1950  |p 2689561  |r 2025-01-07  |w 2019-11-14  |y BK  |k MAT 
952 |0 0  |1 0  |4 0  |6 515_720000000000000_NEU_1950  |7 0  |8 A  |9 201710  |a BIBMAT  |b BIBMAT  |d 2019-11-14  |h v.1  |i 1317644  |o 515.72 NEU 1950  |p 1317644  |r 2025-01-07  |w 2019-11-14  |y BK  |k MAT